000 00674nam a22002177a 4500
003 UA-OsUOA
001 71668
007 ta
008 20101125b un ||||| |||| 00| 0 ukr d
100 _aЛопушняк Г.С.
090 _a330(477)
_bЛ77
942 _cSA
040 _aUA-OsUOA
_bukr
_cUA-OsUOA
_dUA-OsUOA
245 _aБюджетне фінансування соціальних видатків в умовах трансформації економіки
300 _aС.38-47
955 _a0
041 _aukr
080 _a330(477)
773 0 _w71664
_tФінанси України
_dК.
_d2010
_g10
650 7 _a330 Економіка взагалі
_2UDC
999 _c357982
_d357982